| 000 -LEADER |
| fixed length control field |
00675nam a22001697a 4500 |
| 005 - DATE AND TIME OF LATEST TRANSACTION |
| control field |
20231016163030.0 |
| 008 - FIXED-LENGTH DATA ELEMENTS--GENERAL INFORMATION |
| fixed length control field |
231016s1982 ru ||||| |||| 00| 0 rus d |
| 041 ## - LANGUAGE CODE |
| Language code of text/sound track or separate title |
rus |
| 080 ## - UNIVERSAL DECIMAL CLASSIFICATION NUMBER |
| Universal Decimal Classification number |
93(07) И-91 |
| 245 ## - TITLE STATEMENT |
| Title |
Источниковедение Древней Греции : |
| Remainder of title |
(эпоха эллинизма) / |
| Statement of responsibility, etc. |
Под ред. В.И.Кузищина. |
| 264 ## - PRODUCTION, PUBLICATION, DISTRIBUTION, MANUFACTURE, AND COPYRIGHT NOTICE |
| Place of production, publication, distribution, manufacture |
Москва : |
| Name of producer, publisher, distributor, manufacturer |
Изд-во МГУ, |
| Date of production, publication, distribution, manufacture, or copyright notice |
1982. |
| 300 ## - PHYSICAL DESCRIPTION |
| Extent |
240 стр. |
| Other physical details |
ил.; |
| Dimensions |
22 см. |
| 653 ## - INDEX TERM--UNCONTROLLED |
| keyword |
ძველი საბერძნეთი |
| 653 ## - INDEX TERM--UNCONTROLLED |
| keyword |
ელინისტური ეპოქა |
| 700 ## - ADDED ENTRY--PERSONAL NAME |
| Personal name |
Кузищина, В.И. |
| Relator term |
რედაქტორი |
| 9 (RLIN) |
20096 |
| 942 ## - ADDED ENTRY ELEMENTS (KOHA) |
| Source of classification or shelving scheme |
|
| Koha item type |
წიგნი |